[Event "Bodenmais Arber op 10th"]
[Site "Bodenmais"]
[Date "2023.08.13"]
[Round "9"]
[White "Bensch, Patrick"]
[Black "Hittinger, Christian"]
[Result "1-0"]
[WhiteElo "2139"]
[BlackElo "1958"]
[PlyCount "47"]
[EventDate "2023.08.05"]
[EventType "swiss"]
[EventRounds "9"]
[EventCountry "GER"]
[SourceTitle "EXT 2024"]
[Source "ChessBase"]
[SourceDate "2023.10.10"]
[SourceVersion "1"]
[SourceVersionDate "2023.10.10"]
[SourceQuality "1"]

1. e4 e5 2. Nf3 Nf6 3. Nxe5 Nxe4 4. d4 d5 5. Bd3 Nd7 6. Nxd7 Bxd7 7. 0-0 Nf6 8. Re1+ Be7 9. Qe2 Kf8 10. Bf4 Be6 11. Nd2 Bd6 12. Be5 Qd7 13. h3 Re8 14. Qf3 Ng8 15. c4 Bxe5 16. dxe5 c6 17. Rad1 Ne7 18. Nb3 a6 19. Nc5 Qc8 20. cxd5 cxd5 21. Rc1 Nc6 22. Qf4 Kg8 23. b4 Qb8 24. Nxa6 1-0

[Event "Oberliga Bayern 1617"]
[Site "Bayern"]
[Date "2017.04.30"]
[Round "9.7"]
[White "Hittinger, Christian"]
[Black "Obermeier, Edi"]
[Result "0-1"]
[WhiteElo "2025"]
[BlackElo "2049"]
[PlyCount "154"]
[EventDate "2016.10.16"]
[EventType "team-tourn"]
[EventRounds "9"]
[EventCountry "GER"]
[SourceTitle "EXT 2019"]
[Source "ChessBase"]
[SourceDate "2018.10.10"]
[SourceVersion "1"]
[SourceVersionDate "2018.10.10"]
[SourceQuality "1"]
[WhiteTeam "Muenchen Suedost"]
[BlackTeam "Kareth Lappersdorf"]
[WhiteTeamCountry "GER"]
[BlackTeamCountry "GER"]

1. e4 d6 2. d4 Nf6 3. Nc3 g6 4. Bg5 Bg7 5. f4 c5 6. d5 Qb6 7. Bb5+ Bd7 8. a4 a6 9. a5 Qc7 10. Bc4 b5 11. axb6 Qxb6 12. Ra3 Ng4 13. Qc1 Bd4 14. Rb3 Qa5 15. Nf3 Be3 16. Qd1 h6 17. Bh4 Bxf4 18. Bf2 Be3 19. Bg3 0-0 20. Qd3 Bb5 21. Bxb5 axb5 22. Ra3 c4 23. Qe2 Qxc3+ 24. Rxc3 Ra1+ 25. Qd1 Rxd1+ 26. Kxd1 Bc5 27. Ke2 Nd7 28. h3 Ngf6 29. Nd2 Ra8 30. Bf2 Bb4 31. Re3 Ra2 32. Rb1 Ne5 33. Kd1 Bc5 34. Re2 Bxf2 35. Rxf2 b4 36. Re2 Kg7 37. b3 c3 38. Nc4 Nfd7 39. Nxe5 Nxe5 40. Ke1 h5 41. Kf2 Kf8 42. Ke3 f6 43. Rd1 Ra5 44. Rd4 Rb5 45. Re1 Nd7 46. Ra1 Nc5 47. Ra7 Rb8 48. Rd1 Kf7 49. Rda1 f5 50. exf5 gxf5 51. Ra8 Rb5 52. Rh8 e5 53. Rxh5 f4+ 54. Kf3 Kg6 55. Rh8 Nd7 56. Rd8 Nf6 57. Rxd6 Kf5 58. Rxf6+ Kxf6 59. Ke4 Rb6 60. Ra7 Rb8 61. Ra6+ Kg5 62. Re6 Kh4 63. d6 Kg3 64. Rg6+ Kf2 65. d7 Rd8 66. Rd6 Kxg2 67. Kxe5 f3 68. Rg6+ Kxh3 69. Rh6+ Kg2 70. Kd6 f2 71. Rg6+ Kf3 72. Rf6+ Ke2 73. Re6+ Kd1 74. Rf6 Kxc2 75. Rxf2+ Kxb3 76. Rf3 Kb2 77. Rf4 b3 0-1

[Event "Regionalliga SW 0506"]
[Site "Bayern"]
[Date "2005.11.13"]
[Round "2.5"]
[White "Billing, Christian"]
[Black "Hittinger, Christian"]
[Result "1/2-1/2"]
[WhiteElo "2044"]
[BlackElo "2054"]
[PlyCount "126"]
[EventDate "2005.10.23"]
[EventType "team-tourn"]
[EventRounds "9"]
[EventCountry "GER"]
[SourceTitle "EXT 2007"]
[Source "ChessBase"]
[SourceDate "2006.11.23"]
[SourceVersion "1"]
[SourceVersionDate "2006.11.23"]
[SourceQuality "1"]

1. e4 e6 2. d3 d5 3. Nd2 Nf6 4. Ngf3 b6 5. c3 Bb7 6. e5 Nfd7 7. d4 Ba6 8. Qa4 Bxf1 9. Nxf1 Qc8 10. Ng3 Qa6 11. Qd1 h6 12. Ne2 c5 13. 0-0 Nc6 14. Nf4 cxd4 15. cxd4 0-0-0 16. a3 Kb8 17. Be3 Be7 18. b4 Rc8 19. Qb3 Qb7 20. Bd2 b5 21. Nd3 Nb6 22. Nc5 Bxc5 23. bxc5 Na4 24. Rab1 a6 25. Qd3 Kc7 26. Ne1 Kd7 27. Nc2 Qc7 28. Qg3 Rcg8 29. f4 g6 30. Qd3 Qd8 31. Kh1 h5 32. Nb4 Qc8 33. Na2 Qd8 34. Rfc1 Qc8 35. Nc3 Nxc3 36. Bxc3 Qc7 37. a4 bxa4 38. Qc2 g5 39. f5 Rb8 40. fxe6+ fxe6 41. Qxa4 a5 42. Qc2 Rxb1 43. Rxb1 Rb8 44. Rf1 Qb7 45. h3 Qb5 46. Rf7+ Kc8 47. Kh2 Qb1 48. Qe2 Qb5 49. Qxh5 Nd8 50. Rg7 a4 51. Qh7 Rb7 52. Rxb7 Nxb7 53. Qg8+ Nd8 54. Qxg5 a3 55. Qc1 a2 56. Qb2 Qa4 57. h4 Nc6 58. Qa1 Na5 59. Bxa5 Qxa5 60. h5 Qd2 61. Qf1 Qb2 62. Qa6+ Kb8 63. Qd6+ Ka8 1/2-1/2

[Event "Regionalliga SW 0304"]
[Site "Bayern"]
[Date "2004.02.15"]
[Round "6.2"]
[White "Hoy, Bernd"]
[Black "Hittinger, Christian"]
[Result "1-0"]
[WhiteElo "2186"]
[BlackElo "2024"]
[PlyCount "73"]
[EventDate "2003.10.??"]
[EventType "team"]
[EventRounds "9"]
[EventCountry "GER"]
[SourceTitle "EXT 2006"]
[Source "ChessBase"]
[SourceDate "2005.11.24"]
[SourceVersion "1"]
[SourceVersionDate "2005.11.24"]
[SourceQuality "1"]
[WhiteTeam "Klosterlechfeld"]
[BlackTeam "Muenchen Suedost"]
[WhiteTeamCountry "GER"]
[BlackTeamCountry "GER"]

1. d4 e6 2. Nf3 d5 3. g3 Nf6 4. Bg2 Be7 5. 0-0 0-0 6. c4 b6 7. Nc3 Bb7 8. Bg5 dxc4 9. Bxf6 Bxf6 10. Qc2 Nc6 11. Rad1 Nb4 12. Qb1 Nd5 13. e4 Nxc3 14. bxc3 c6 15. e5 Be7 16. Nd2 Qc7 17. Nxc4 Ba6 18. Qb3 Rac8 19. Rfe1 Bxc4 20. Qxc4 b5 21. Qb3 Qa5 22. c4 Qb4 23. c5 Qxb3 24. axb3 Rfd8 25. Kf1 Rd7 26. b4 Rcd8 27. Bxc6 Rxd4 28. Rxd4 Rxd4 29. Rb1 a5 30. bxa5 b4 31. Bb7 Rd2 32. c6 Bd8 33. a6 Ra2 34. Rxb4 Kf8 35. Rd4 Bb6 36. Rd7 Rxf2+ 37. Ke1 1-0

[Event "Regionalliga SW 0304"]
[Site "Bayern"]
[Date "2003.11.23"]
[Round "3.3"]
[White "Martin, Milan"]
[Black "Hittinger, Christian"]
[Result "1-0"]
[WhiteElo "2022"]
[BlackElo "2024"]
[PlyCount "75"]
[EventDate "2003.10.??"]
[EventType "team"]
[EventRounds "9"]
[EventCountry "GER"]
[SourceTitle "EXT 2006"]
[Source "ChessBase"]
[SourceDate "2005.11.24"]
[SourceVersion "1"]
[SourceVersionDate "2005.11.24"]
[SourceQuality "1"]
[WhiteTeam "Muenchen 77 Nord"]
[BlackTeam "Muenchen Suedost"]
[WhiteTeamCountry "GER"]
[BlackTeamCountry "GER"]

1. e4 c6 2. Nc3 d5 3. Nf3 Bg4 4. h3 Bxf3 5. Qxf3 e6 6. g3 Nd7 7. Bg2 Ngf6 8. 0-0 dxe4 9. Nxe4 Nxe4 10. Qxe4 Nf6 11. Qe2 Bd6 12. d4 0-0 13. c4 Re8 14. Rd1 Qe7 15. Be3 Rac8 16. a3 Bb8 17. b4 Bd6 18. Rab1 a6 19. c5 Bc7 20. a4 Nd5 21. Rb3 Qd7 22. b5 axb5 23. axb5 cxb5 24. Bxd5 exd5 25. Kg2 Qe6 26. Rxb5 Qe4+ 27. Qf3 Qe6 28. Rxb7 Qc6 29. Rdb1 Re4 30. R1b6 Qe8 31. Ra6 Qd8 32. Rd6 Qe8 33. Rxd5 Rxe3 34. fxe3 Ra8 35. Rb2 Ra3 36. Re2 Qe6 37. Rf5 h6 38. d5 1-0

[Event "Regionalliga SW 0203"]
[Site "Bayern"]
[Date "2003.02.09"]
[Round "6.3"]
[White "Hittinger, Christian"]
[Black "Kwan, Michael"]
[Result "1-0"]
[WhiteElo "1991"]
[BlackElo "2055"]
[PlyCount "167"]
[EventDate "2002.10.20"]
[EventType "team"]
[EventRounds "9"]
[EventCountry "GER"]
[SourceTitle "EXT 2004"]
[Source "ChessBase"]
[SourceDate "2003.11.25"]
[SourceVersion "1"]
[SourceVersionDate "2003.11.25"]
[SourceQuality "1"]
[WhiteTeam "Muenchen Suedost"]
[BlackTeam "Muenchen Tarrasch II"]
[WhiteTeamCountry "GER"]
[BlackTeamCountry "GER"]

1. e4 c5 2. Nf3 Nc6 3. Bb5 e6 4. 0-0 Nge7 5. Re1 a6 6. Bf1 Ng6 7. c3 d5 8. exd5 Qxd5 9. d4 cxd4 10. cxd4 Be7 11. Nc3 Qa5 12. Ne5 Ncxe5 13. dxe5 Nxe5 14. b4 Qxb4 15. Bd2 Ng6 16. Nb5 Qxb5 17. Bxb5+ axb5 18. Qb3 Bd7 19. g3 0-0 20. h4 Bf6 21. Bc3 Bxc3 22. Qxc3 Rfc8 23. Qd2 Nf8 24. h5 h6 25. Re4 f5 26. Rd4 Bc6 27. Re1 Re8 28. Re5 Nh7 29. g4 Ng5 30. Re3 Nf3+ 31. Rxf3 Bxf3 32. gxf5 exf5 33. Rd7 Bc6 34. Rd6 Re7 35. Rg6 Kh7 36. Kh2 Rae8 37. Qf4 Rf7 38. Qg3 Re1 39. Rxh6+ Kg8 40. Qb8+ Rf8 41. Rh8+ Kxh8 42. Qxf8+ Kh7 43. Qxf5+ Kg8 44. Kg3 Re8 45. h6 gxh6 46. Qg6+ Kf8 47. Qxh6+ Kf7 48. Qh7+ Kf6 49. Qd3 Ke7 50. Kf4 Rf8+ 51. Kg5 Rf3 52. Qd4 Ke6 53. Kg4 Rf6 54. f4 Bd7 55. Kg5 Rf5+ 56. Kg6 Be8+ 57. Kg7 Bc6 58. Qe3+ Kd5 59. Kg6 Rf8 60. Qe5+ Kc4 61. f5 Ra8 62. Qe2+ Kc5 63. f6 Bd5 64. Qe7+ Kc6 65. a3 Bc4 66. f7 Bxf7+ 67. Kxf7 Ra6 68. Qe4+ Kc7 69. Qe5+ Kc6 70. Qe8+ Kc7 71. Qxb5 Rc6 72. Ke7 Kc8 73. a4 Rc7+ 74. Kd6 Rc6+ 75. Kd5 Kc7 76. a5 Rd6+ 77. Ke5 Rc6 78. Qd5 Ra6 79. Qc5+ Rc6 80. Qe7+ Kb8 81. Qd8+ Rc8 82. Qd6+ Ka7 83. Qb6+ Ka8 84. Kd5 1-0

[Event "Landesliga Sued 0001"]
[Site "Bayern"]
[Date "2001.04.29"]
[Round "9"]
[White "Reis, Thomas"]
[Black "Hittinger, Christian"]
[Result "1/2-1/2"]
[WhiteElo "2125"]
[BlackElo "2040"]
[PlyCount "37"]
[EventDate "2000.10.15"]
[EventType "team-tourn"]
[EventRounds "9"]
[EventCountry "GER"]
[SourceTitle "EXT 2020"]
[Source "ChessBase"]
[SourceDate "2019.10.17"]
[SourceVersion "1"]
[SourceVersionDate "2019.10.17"]
[SourceQuality "1"]
[WhiteTeam "Kriegshaber SK"]
[BlackTeam "Muenchen Suedost"]
[WhiteTeamCountry "GER"]
[BlackTeamCountry "GER"]

1. d4 d5 2. Nf3 c5 3. c3 cxd4 4. cxd4 Nc6 5. Nc3 Nf6 6. Bf4 Qb6 7. Qb3 Qxb3 8. axb3 Bd7 9. e3 e6 10. Ne5 Nh5 11. Bg5 h6 12. Bh4 g5 13. Be2 Nxe5 14. dxe5 gxh4 15. Bxh5 Rg8 16. g4 hxg3 17. hxg3 Bc6 18. Rh3 a6 19. 0-0-0 1/2-1/2

[Event "Landesliga Sued 0001"]
[Site "Bayern"]
[Date "2001.04.01"]
[Round "8"]
[White "Wengler, Joerg"]
[Black "Hittinger, Christian"]
[Result "1/2-1/2"]
[WhiteElo "2010"]
[BlackElo "2040"]
[PlyCount "28"]
[EventDate "2000.10.15"]
[EventType "team-tourn"]
[EventRounds "9"]
[EventCountry "GER"]
[SourceTitle "EXT 2020"]
[Source "ChessBase"]
[SourceDate "2019.10.17"]
[SourceVersion "1"]
[SourceVersionDate "2019.10.17"]
[SourceQuality "1"]
[WhiteTeam "Muenchen FC Bayern II"]
[BlackTeam "Muenchen Suedost"]
[WhiteTeamCountry "GER"]
[BlackTeamCountry "GER"]

1. e4 e5 2. Nc3 Nf6 3. f4 d5 4. fxe5 Nxe4 5. Nf3 Be7 6. d4 0-0 7. Bd3 f5 8. exf6 Bxf6 9. 0-0 Nc6 10. Nxe4 dxe4 11. Bxe4 Nxd4 12. c3 Nxf3+ 13. Bxf3 Qxd1 14. Rxd1 c6 1/2-1/2

[Event "Landesliga Sued 0001"]
[Site "Bayern"]
[Date "2001.03.11"]
[Round "7"]
[White "Joerg, Harald"]
[Black "Hittinger, Christian"]
[Result "1-0"]
[WhiteElo "2200"]
[BlackElo "2040"]
[PlyCount "91"]
[EventDate "2000.10.15"]
[EventType "team-tourn"]
[EventRounds "9"]
[EventCountry "GER"]
[SourceTitle "EXT 2020"]
[Source "ChessBase"]
[SourceDate "2019.10.17"]
[SourceVersion "1"]
[SourceVersionDate "2019.10.17"]
[SourceQuality "1"]
[WhiteTeam "Muenchen Siemens"]
[BlackTeam "Muenchen Suedost"]
[WhiteTeamCountry "GER"]
[BlackTeamCountry "GER"]

1. e4 e5 2. f4 exf4 3. Nf3 d6 4. d4 g5 5. Bc4 Bg7 6. 0-0 Nc6 7. c3 h6 8. h4 g4 9. Ne1 f3 10. gxf3 Nf6 11. Ng2 0-0 12. Nd2 gxf3 13. Qxf3 Bg4 14. Qg3 Qd7 15. Ne3 h5 16. Nf5 Rae8 17. Nxg7 Kxg7 18. Qf4 Nh7 19. Nf3 f5 20. Qh6+ Kh8 21. Ng5 Rf6 22. Qxh7+ Qxh7 23. Nxh7 Kxh7 24. Bg5 Rff8 25. Bd3 fxe4 26. Bxe4+ Kg7 27. Rxf8 Rxf8 28. Rf1 Rxf1+ 29. Kxf1 Kf7 30. Kf2 Bc8 31. Kg3 Ne7 32. Bxe7 Kxe7 33. Bf3 Be6 34. a3 Bf7 35. Bxb7 Kf6 36. Kf4 d5 37. Ba6 Be6 38. Be2 Bf7 39. b3 Bg6 40. c4 Bc2 41. Bxh5 Bxb3 42. c5 Bc2 43. Bf3 Bb3 44. h5 c6 45. Bg4 Bc2 46. Bd7 1-0

[Event "Landesliga Sued 0001"]
[Site "Bayern"]
[Date "2001.02.18"]
[Round "6"]
[White "Walch, Ingo"]
[Black "Hittinger, Christian"]
[Result "1-0"]
[WhiteElo "1974"]
[BlackElo "2040"]
[PlyCount "103"]
[EventDate "2000.10.15"]
[EventType "team-tourn"]
[EventRounds "9"]
[EventCountry "GER"]
[SourceTitle "EXT 2020"]
[Source "ChessBase"]
[SourceDate "2019.10.17"]
[SourceVersion "1"]
[SourceVersionDate "2019.10.17"]
[SourceQuality "1"]
[WhiteTeam "Pfarrkirchen SC"]
[BlackTeam "Muenchen Suedost"]
[WhiteTeamCountry "GER"]
[BlackTeamCountry "GER"]

1. d4 d6 2. e4 Nf6 3. Nc3 g6 4. g3 Bg7 5. Bg2 0-0 6. Nge2 Nc6 7. h3 e5 8. Be3 Re8 9. 0-0 Bd7 10. d5 Ne7 11. f4 Nh5 12. fxe5 Bxe5 13. g4 Ng7 14. Bd4 c5 15. Bxe5 dxe5 16. Qd2 Nc8 17. Rf2 Nd6 18. Raf1 Re7 19. Qg5 Nge8 20. Ng3 f6 21. Qe3 Rc8 22. b3 Nf7 23. Rd1 Nfd6 24. Bf1 a6 25. Be2 Kg7 26. Rdf1 Rf7 27. h4 Rc7 28. Rh2 h6 29. Nd1 b5 30. c3 Qc8 31. g5 fxg5 32. hxg5 Rxf1+ 33. Bxf1 h5 34. Nf2 c4 35. b4 Nf7 36. Be2 Qd8 37. Rg2 Ned6 38. Qf3 Bc8 39. Qe3 Kh7 40. Nxh5 a5 41. a3 axb4 42. axb4 Ne8 43. Qg3 Ra7 44. Qh4 Kg8 45. Nf6+ Nxf6 46. gxf6 g5 47. Bh5 Qxf6 48. Bxf7+ Rxf7 49. Qxg5+ Kf8 50. Qg8+ Ke7 51. Qxc8 Qf4 52. Qc7+ 1-0

[Event "Regionalliga SW 9900"]
[Site "Bayern"]
[Date "2000.??.??"]
[Round "7.7"]
[White "Wedlich Soeldner, Roland"]
[Black "Hittinger, Christian"]
[Result "1-0"]
[WhiteElo "2010"]
[BlackElo "2025"]
[PlyCount "99"]
[EventDate "1999.??.??"]
[EventType "team-tourn"]
[EventRounds "9"]
[EventCountry "GER"]
[SourceTitle "EXT 2020"]
[Source "ChessBase"]
[SourceDate "2019.10.17"]
[SourceVersion "1"]
[SourceVersionDate "2019.10.17"]
[SourceQuality "1"]
[WhiteTeam "Garching"]
[BlackTeam "Muenchen Suedost"]
[WhiteTeamCountry "GER"]
[BlackTeamCountry "GER"]

1. e4 d6 2. d4 Nf6 3. Nc3 e5 4. dxe5 dxe5 5. Qxd8+ Kxd8 6. Bg5 Be7 7. 0-0-0+ Ke8 8. f4 exf4 9. e5 Nfd7 10. Bxf4 Nf8 11. Bc4 Be6 12. Bd3 Nbd7 13. Nf3 Nc5 14. Nb5 Bd8 15. Be2 a6 16. Nc3 h6 17. Be3 Ncd7 18. Bd3 g5 19. h3 Ng6 20. Bxg6 fxg6 21. Rhe1 Be7 22. Nd4 Nf8 23. Rf1 Bf7 24. e6 Bg8 25. Nd5 Rc8 26. Nxe7 Kxe7 27. Nc6+ bxc6 28. Bc5+ Kxe6 29. Bxf8 Rh7 30. c4 h5 31. Rd2 g4 32. Re2+ Kd7 33. Rd1+ Bd5 34. Bc5 gxh3 35. gxh3 Rf7 36. cxd5 cxd5 37. Rxd5+ Kc6 38. Rg5 Rf1+ 39. Kc2 Rh1 40. Re6+ Kd7 41. Rgxg6 Rh2+ 42. Kd1 Rh8 43. Re7+ Kc8 44. Rxa6 Rd8+ 45. Ke1 Rd5 46. Ra8+ Kb7 47. Ra7+ Kc8 48. Rexc7+ Kd8 49. Be7+ Ke8 50. Ra8+ 1-0